=LDR 00000nam 2200000 4500 =001 INLIS000000000049325 =005 20170209090840.0 =006 =007 =008 =020 ##$$a 978-602-7686-05-9 =035 ##$$0010-021700000000117 =040 ##$$a NBPDMAT =082 ##$$a 741 .5 =090 ##$$a 741 .5 Teg p =100 ##$$a Teguh karya winata =245 ##$$a Politisi busuk / $c Teguh karya winata, Abu Almadea =260 ##$$a Pringgabaya : $b KSU Primaguna, $c 2014 =300 ##$$a 39 hlm . : $b ilus . ; $c 21 cm =650 ##$$a Komik =700 ##$$a Abu Almadea =990 ##$$a 21604184 =990 ##$$a 21604180 =990 ##$$a 21604181 =990 ##$$a 21604182 =990 ##$$a 21604183 =990 ##$$a 21604183 =990 ##$$a 21604180 =990 ##$$a 21604181 =990 ##$$a 21604182 =990 ##$$a 21604184 =990 ##$$a 21604182 =990 ##$$a 21604180 =990 ##$$a 21604181 =990 ##$$a 21604183 =990 ##$$a 21604184 =990 ##$$a 21604181 =990 ##$$a 21604180 =990 ##$$a 21604182 =990 ##$$a 21604183 =990 ##$$a 21604184 =990 ##$$a 21604180 =990 ##$$a 21604181 =990 ##$$a 21604182 =990 ##$$a 21604183 =990 ##$$a 21604184